000 00686nam a2200217Ia 4500
003 GCL
008 140319s9999 xx 000 0 ara d
040 _aGCL /
_cGCL
082 0 4 _a140
_bهـ ت
100 1 _aالسيد نفادى
245 1 0 _aالثورات العلمية /
_cالسيد نفادى
700 1 _aهاكينج ، ايان
260 _aالقاهرة :
_bدار المعرفة الجامعية ،
_c1996
300 _a273 ص ؛
_c24 سم
650 0 4 _aفلسفة العلوم
650 0 4 _aالعلم - تاريخ
650 0 4 _aالتقدم العلمى
650 0 4 _aالثورات العلمية
650 0 4 _aفلسفة لاكاتوس
942 _2ddc
_cBK
999 _c47616
_d47616